[Event "CAN-op (Pinnacle 48th CAN Op Ch)"]
[Site "Toronto CAN"]
[Date "2011.07.15"]
[Round "7"]
[White "Nasir, Pi"]
[Black "Aird, Ian"]
[Result "1/2-1/2"]
[WhiteElo "1599"]
[BlackElo "1909"]
[PlyCount "70"]
[GameId "2160767909707408"]
[EventDate "2011.07.09"]
[EventType "swiss"]
[EventRounds "9"]
[EventCountry "CAN"]
[SourceTitle "hb 2011"]

1. e4 e5 2. Nf3 Nc6 3. Bc4 Nf6 4. Nc3 Nxe4 5. Nxe4 d5 6. Bb5 dxe4 7. Nxe5 Qd5 8. Nxc6 bxc6 9. Be2 Bd6 10. d3 O-O 11. O-O Re8 12. dxe4 Qxe4 13. Bf3 Qe5 14. g3 Bb7 15. Bd2 Qf5 16. Bc3 Rad8 17. Bg4 Qg6 18. Bh5 Qg5 19. Qg4 Qh6 20. Qf5 Qe6 21. Qxe6 Rxe6 22. Rfe1 Rde8 23. Rxe6 Rxe6 24. Bf3 Be5 25. Bxe5 Rxe5 26. Rd1 Kf8 27. Rd7 Re7 28. Rd8+ Re8 29. Rxe8+ Kxe8 30. Kf1 Ba6+ 31. Ke1 Kd7 32. Kd2 Kd6 33. Ke3 c5 34. Kf4 Bc4 35. b3 Be6 1/2-1/2

[Event "CAN-op (Pinnacle 48th CAN Op Ch)"]
[Site "Toronto CAN"]
[Date "2011.07.15"]
[Round "7"]
[White "Olheiser, Gordon"]
[Black "Pitre, Ron"]
[Result "0-1"]
[WhiteElo "2049"]
[BlackElo "2190"]
[PlyCount "70"]
[GameId "2160767909707409"]
[EventDate "2011.07.09"]
[EventType "swiss"]
[EventRounds "9"]
[EventCountry "CAN"]
[SourceTitle "hb 2011"]

1. g3 Nf6 2. Bg2 g6 3. d4 Bg7 4. e4 d6 5. Ne2 O-O 6. O-O e5 7. d5 c6 8. c4 Qc7 9. Nbc3 Nbd7 10. Rb1 a6 11. h3 cxd5 12. cxd5 b5 13. Be3 Nb6 14. b3 b4 15. Na4 Nxa4 16. bxa4 a5 17. a3 bxa3 18. Qb3 Ba6 19. Rfc1 Qd7 20. Nc3 Bd3 21. Ra1 Rfb8 22. Qxa3 Rb4 23. f3 Rab8 24. Nb5 Bxb5 25. axb5 R4xb5 26. Rc3 Nh5 27. Kh2 f5 28. Qc1 f4 29. Bd2 fxg3+ 30. Kh1 Nf4 31. Rc7 Qd8 32. Bxa5 Rxa5 33. Rxa5 Qxc7 34. Qxc7 Rb1+ 35. Bf1 Rxf1# 0-1

[Event "CAN-op (Pinnacle 48th CAN Op Ch)"]
[Site "Toronto CAN"]
[Date "2011.07.15"]
[Round "7"]
[White "Opaska, Michael"]
[Black "Castle, Larry"]
[Result "0-1"]
[WhiteElo "2001"]
[BlackElo "1724"]
[PlyCount "41"]
[GameId "2160767909707410"]
[EventDate "2011.07.09"]
[EventType "swiss"]
[EventRounds "9"]
[EventCountry "CAN"]
[SourceTitle "EXT 2022"]
[Source "ChessBase"]
[SourceDate "2021.10.06"]
[SourceVersion "1"]
[SourceVersionDate "2021.10.06"]
[SourceQuality "1"]

1. c4 Nf6 2. Nc3 e6 3. e4 d6 4. d4 c5 5. d5 e5 6. f4 Be7 7. fxe5 dxe5 8. Nf3 Bd6 9. Bg5 a6 10. Be2 Nbd7 11. O-O O-O 12. Qd2 Qc7 13. Nh4 Ne8 14. Rf3 Ndf6 15. Raf1 Be7 16. Rg3 Kh8 17. Qe3 Qd6 18. Nf5 Bxf5 19. exf5 Rd8 20. Rh3 b6 21. Qg3 0-1

[Event "CAN-op (Pinnacle 48th CAN Op Ch)"]
[Site "Toronto CAN"]
[Date "2011.07.15"]
[Round "7"]
[White "Orlova, Yelizaveta"]
[Black "Serbanescu, Natasa"]
[Result "1/2-1/2"]
[WhiteElo "1934"]
[BlackElo "1829"]
[PlyCount "133"]
[GameId "2160767909707411"]
[EventDate "2011.07.09"]
[EventType "swiss"]
[EventRounds "9"]
[EventCountry "CAN"]
[SourceTitle "CBM 143 Extra"]
[Source "ChessBase"]
[SourceDate "2011.08.29"]
[SourceVersion "1"]
[SourceVersionDate "2011.08.29"]
[SourceQuality "1"]

1. b3 e5 2. Bb2 d6 3. e3 Nf6 4. d4 exd4 5. Bxd4 Be7 6. c4 O-O 7. Nf3 Nc6 8. Bb2 Bg4 9. Be2 d5 10. cxd5 Bb4+ 11. Bc3 Qxd5 12. O-O Qxd1 13. Rxd1 Ne4 14. Bd4 Rad8 15. h3 Nxd4 16. Rxd4 Rxd4 17. exd4 Bxf3 18. Bxf3 f5 19. Be2 Rd8 20. f3 Nf6 21. a3 Ba5 22. Ra2 Rxd4 23. b4 Bb6 24. Kf1 Nd5 25. g4 fxg4 26. hxg4 c5 27. b5 c4 28. Nd2 c3 29. Nc4 Bc5 30. Rc2 Kf8 31. Ke1 Ke7 32. Na5 Bxa3 33. Bc4 Bb2 34. Bb3 Nf4 35. Nc4 Nd3+ 36. Kf1 Kf6 37. Na5 Nb4 38. Re2 Rd2 39. Rxd2 cxd2 40. Ke2 Bc1 41. Nxb7 Ke5 42. Nc5 Kf4 43. Ne4 g6 44. g5 Kf5 45. Nd6+ Kxg5 46. Nc8 a5 47. b6 Nc6 48. Bd5 Nb8 49. Ne7 a4 50. b7 d1=Q+ 51. Kxd1 Bf4 52. Bc4 h5 53. Ke2 h4 54. Kf2 h3 55. Nd5 Bd6 56. Kg1 a3 57. Nc3 Kf4 58. Bd5 Ke5 59. Bb3 Kf6 60. Ne4+ Ke7 61. Nxd6 Kxd6 62. Kh2 Kc7 63. Kxh3 Kxb7 64. Kg4 Nd7 65. Kg5 Kc6 66. f4 Nc5 67. Bc4 1/2-1/2

[Event "CAN-op (Pinnacle 48th CAN Op Ch)"]
[Site "Toronto CAN"]
[Date "2011.07.15"]
[Round "7"]
[White "Pedersen, Rick"]
[Black "Southam, David"]
[Result "0-1"]
[WhiteElo "1985"]
[BlackElo "2124"]
[PlyCount "86"]
[GameId "2160767909707412"]
[EventDate "2011.07.09"]
[EventType "swiss"]
[EventRounds "9"]
[EventCountry "CAN"]
[SourceTitle "hb 2011"]

1. e4 e6 2. d4 d5 3. e5 c5 4. c3 Nc6 5. Nf3 Bd7 6. a3 c4 7. Bf4 Na5 8. Nbd2 Bc6 9. h4 Qd7 10. Be2 Ba4 11. Qc1 O-O-O 12. Bd1 h6 13. Rb1 Ne7 14. b3 Nxb3 15. Bxb3 Bxb3 16. Nxb3 cxb3 17. Rxb3 Nc6 18. c4 dxc4 19. Qxc4 Kb8 20. Qb5 Ne7 21. Qa5 Nd5 22. Bd2 Rc8 23. O-O Rc7 24. Rfb1 Be7 25. Ne1 Bxh4 26. Nd3 Be7 27. Rb5 Rhc8 28. Qa4 Ka8 29. Nc5 Qc6 30. Ba5 b6 31. Na6 Rb7 32. Qb3 Qc2 33. Bb4 Qxb3 34. Rxb3 Bxb4 35. Nxb4 Nc3 36. Rxc3 Rxc3 37. d5 Rc5 38. a4 Rxb5 39. axb5 exd5 40. Nxd5 Rd7 41. Ne3 a5 42. bxa6 b5 43. f4 b4 0-1

[Event "CAN-op (Pinnacle 48th CAN Op Ch)"]
[Site "Toronto CAN"]
[Date "2011.07.15"]
[Round "7"]
[White "Picana, Andrew"]
[Black "Yoos, John"]
[Result "0-1"]
[WhiteElo "2140"]
[BlackElo "2439"]
[PlyCount "80"]
[GameId "2160767909707413"]
[EventDate "2011.07.09"]
[EventType "swiss"]
[EventRounds "9"]
[EventCountry "CAN"]
[SourceTitle "EXT 2022"]
[Source "ChessBase"]
[SourceDate "2021.10.06"]
[SourceVersion "1"]
[SourceVersionDate "2021.10.06"]
[SourceQuality "1"]

1. d4 Nf6 2. c4 e6 3. Nf3 Nc6 4. Bg5 Bb4+ 5. Nc3 h6 6. Bh4 g5 7. Bg3 Ne4 8. Rc1 d5 9. e3 h5 10. cxd5 exd5 11. h3 Nxg3 12. fxg3 Bd6 13. Bb5 Bxg3+ 14. Ke2 O-O 15. Qb3 Be6 16. Bxc6 bxc6 17. Na4 Re8 18. Rc3 Bf5 19. Rf1 Rb8 20. Qd1 Bg6 21. b3 g4 22. hxg4 hxg4 23. Ne1 Qg5 24. Kd2 Re7 25. Nc2 Rbe8 26. Kc1 Bxc2 27. Qxc2 Rxe3 28. Rxe3 Qxe3+ 29. Qd2 Be1 30. Qxe3 Rxe3 31. Rf6 Rg3 32. Kd1 Bb4 33. Rxc6 Rxg2 34. Rxc7 g3 35. Nc3 Rb2 36. Ne2 g2 37. Rc2 Rb1+ 38. Rc1 Rxc1+ 39. Kxc1 Bc3 40. Kc2 Bxd4 0-1

[Event "CAN-op (Pinnacle 48th CAN Op Ch)"]
[Site "Toronto CAN"]
[Date "2011.07.15"]
[Round "7"]
[White "Pitre, Hanniegn"]
[Black "Pieri, Enzo"]
[Result "1-0"]
[WhiteElo "1907"]
[BlackElo "1734"]
[PlyCount "55"]
[GameId "2160767909707414"]
[EventDate "2011.07.09"]
[EventType "swiss"]
[EventRounds "9"]
[EventCountry "CAN"]
[SourceTitle "EXT 2022"]
[Source "ChessBase"]
[SourceDate "2021.10.06"]
[SourceVersion "1"]
[SourceVersionDate "2021.10.06"]
[SourceQuality "1"]

1. e4 c6 2. d4 d5 3. Nc3 dxe4 4. Nxe4 Nf6 5. Ng5 Bf5 6. Bc4 e6 7. N1f3 h6 8. Nh3 Nbd7 9. Nf4 Nb6 10. Bb3 Nbd5 11. O-O Bd6 12. Nxd5 cxd5 13. Nh4 Bh7 14. Ba4+ Nd7 15. Qg4 g5 16. Re1 O-O 17. Bxd7 Qxd7 18. Bxg5 hxg5 19. Qxg5+ Kh8 20. Qf6+ Kg8 21. Re3 Qd8 22. Qh6 Kh8 23. Rh3 Qc7 24. Nf5 Bxh2+ 25. Rxh2 f6 26. Ng3 Qxc2 27. Rc1 Qd3 28. Rc7 1-0

[Event "CAN-op (Pinnacle 48th CAN Op Ch)"]
[Site "Toronto CAN"]
[Date "2011.07.15"]
[Round "7"]
[White "Posaratnanathan, Juliaan"]
[Black "Morabito, Matthew"]
[Result "0-1"]
[WhiteElo "1902"]
[BlackElo "2016"]
[PlyCount "116"]
[GameId "2160767909707417"]
[EventDate "2011.07.09"]
[EventType "swiss"]
[EventRounds "9"]
[EventCountry "CAN"]
[SourceTitle "hb 2011"]

1. e4 c5 2. Nf3 d6 3. d4 cxd4 4. Nxd4 Nf6 5. Nc3 Nc6 6. Bg5 e6 7. Qd2 Be7 8. O-O-O a6 9. f3 d5 10. exd5 Nxd5 11. Bxe7 Qxe7 12. Nxd5 exd5 13. Re1 Be6 14. f4 Nxd4 15. Qxd4 O-O 16. f5 Qg5+ 17. Kb1 Bxf5 18. Rg1 Qg6 19. Bd3 Bxd3 20. cxd3 b5 21. Re5 Rad8 22. Rxd5 Rxd5 23. Qxd5 Qh6 24. h3 Qb6 25. Rc1 h6 26. Rc6 Qg1+ 27. Rc1 Qe3 28. a3 Qe7 29. Rc6 Rd8 30. Qf3 a5 31. Ra6 g6 32. Ra8 Kg7 33. Rxd8 Qxd8 34. Qe4 Qd6 35. Kc2 Qc5+ 36. Kd2 b4 37. axb4 axb4 38. d4 Qg5+ 39. Kc2 Qd8 40. Kb3 Qb6 41. Qe5+ Kg8 42. d5 Qc5 43. Qb8+ Kh7 44. d6 Qd5+ 45. Kxb4 Qxg2 46. Kc5 Qc2+ 47. Kb6 Qxb2+ 48. Kc7 Qc3+ 49. Kd8 Qh8+ 50. Kc7 Qc3+ 51. Kd7 Qxh3+ 52. Ke7 Qe6+ 53. Kf8 Qf6 54. Qc7 Qg7+ 55. Ke7 g5 56. d7 Kg6 57. d8=Q Qf6+ 58. Kd7 Qe6# 0-1

[Event "CAN-op (Pinnacle 48th CAN Op Ch)"]
[Site "Toronto CAN"]
[Date "2011.07.15"]
[Round "7"]
[White "Renteria, Rolando"]
[Black "Golod, Vitali"]
[Result "0-1"]
[WhiteElo "2175"]
[BlackElo "2582"]
[PlyCount "80"]
[GameId "2160767909707420"]
[EventDate "2011.07.09"]
[EventType "swiss"]
[EventRounds "9"]
[EventCountry "CAN"]
[SourceTitle "CBM 143 Extra"]
[Source "ChessBase"]
[SourceDate "2011.08.29"]
[SourceVersion "1"]
[SourceVersionDate "2011.08.29"]
[SourceQuality "1"]

1. Nf3 d5 2. g3 Nf6 3. Bg2 c6 4. O-O Bf5 5. d3 h6 6. b3 e6 7. Bb2 a5 8. a3 Be7 9. Nbd2 O-O 10. Qe1 Bh7 11. e4 Na6 12. Ne5 Nc5 13. Rd1 Qc7 14. Qe2 Rad8 15. Kh1 dxe4 16. dxe4 Rfe8 17. f3 b5 18. Rfe1 Bd6 19. f4 Bf8 20. Nd3 Nfd7 21. Nf2 Nb6 22. Nd3 Nxd3 23. cxd3 c5 24. Nf3 a4 25. Qc2 Qb7 26. Rb1 Qa6 27. Bf1 axb3 28. Qxb3 c4 29. dxc4 bxc4 30. Qc2 Qa4 31. Qxa4 Nxa4 32. Bxc4 Rb8 33. Be5 Rxb1 34. Rxb1 Bxe4 35. Rf1 Nb6 36. Bb5 Ra8 37. Bd4 Rxa3 38. Be2 Ra2 39. Bxb6 Rxe2 40. Rf2 Rxf2 0-1

[Event "CAN-op (Pinnacle 48th CAN Op Ch)"]
[Site "Toronto CAN"]
[Date "2011.07.15"]
[Round "7"]
[White "Sapozhnikov, Roman"]
[Black "Perelshteyn, Eugene"]
[Result "1/2-1/2"]
[WhiteElo "2295"]
[BlackElo "2534"]
[PlyCount "127"]
[GameId "2160767909707424"]
[EventDate "2011.07.09"]
[EventType "swiss"]
[EventRounds "9"]
[EventCountry "CAN"]
[SourceTitle "CBM 143 Extra"]
[Source "ChessBase"]
[SourceDate "2011.08.29"]
[SourceVersion "1"]
[SourceVersionDate "2011.08.29"]
[SourceQuality "1"]

1. e4 c5 2. Nf3 g6 3. d4 cxd4 4. Nxd4 Nc6 5. Nc3 Bg7 6. Be3 Nf6 7. Bc4 Qa5 8. O-O O-O 9. Bb3 d6 10. h3 Bd7 11. Re1 Rac8 12. Qe2 Nh5 13. Rad1 Nf4 14. Qf3 Ne6 15. Nde2 Ne5 16. Qg3 Nc4 17. Bc1 Rfe8 18. f4 Qc5+ 19. Kh1 Nd4 20. Nxd4 Bxd4 21. Rf1 b5 22. f5 Be5 23. Qf3 gxf5 24. Qh5 Kh8 25. Qxf7 Rg8 26. Rd5 Qb6 27. Bxc4 bxc4 28. Bh6 Rg6 29. Qxe7 Rxh6 30. Qxd7 Rg8 31. Rxe5 dxe5 32. Qxf5 Qe6 33. Nd5 a5 34. b3 Qxf5 35. exf5 Rf8 36. f6 Rh4 37. Re1 Rd4 38. Rxe5 Rd2 39. bxc4 Rxc2 40. Re4 Rxa2 41. Re6 a4 42. Ra6 a3 43. Kh2 Ra1 44. Kg3 Rc1 45. Rxa3 Rxc4 46. Ra7 Rg8+ 47. Kf3 Rd8 48. Nf4 Rc6 49. Nh5 Rdc8 50. Re7 R6c7 51. Re5 Kg8 52. Kf4 Kf7 53. g4 Rg8 54. Kf5 Rgc8 55. Kf4 Rc4+ 56. Kg3 R8c7 57. Kh4 R4c5 58. Re4 Rb5 59. Rd4 Rb8 60. Rd5 Rbc8 61. Kg5 Rg8+ 62. Kf5 Rgc8 63. Kg5 Rg8+ 64. Kf5 1/2-1/2

[Event "CAN-op (Pinnacle 48th CAN Op Ch)"]
[Site "Toronto CAN"]
[Date "2011.07.15"]
[Round "7"]
[White "Shebetah, Wajdy"]
[Black "Back, Jeff"]
[Result "1-0"]
[WhiteElo "2194"]
[BlackElo "2053"]
[PlyCount "131"]
[GameId "2160767909707425"]
[EventDate "2011.07.09"]
[EventType "swiss"]
[EventRounds "9"]
[EventCountry "CAN"]
[SourceTitle "hb 2011"]

1. e4 d5 2. exd5 Nf6 3. Nf3 Nxd5 4. d4 Bg4 5. Be2 Nc6 6. O-O e6 7. h3 Bh5 8. c4 Nf6 9. Be3 Be7 10. Nc3 O-O 11. a3 a6 12. b4 Re8 13. Qd2 Bg6 14. Rfd1 Ne4 15. Nxe4 Bxe4 16. Rac1 Bg6 17. Ng5 Bf6 18. Bf3 Nxd4 19. Bxb7 Nb3 20. Qe1 Qb8 21. Bxa8 Qxa8 22. Rb1 Bxb1 23. Rxb1 Nd4 24. Bxd4 Bxd4 25. Rd1 Bf6 26. Ne4 Be7 27. c5 Qc6 28. Qe2 h6 29. Qf3 Qa4 30. Rd3 f5 31. Ng3 Qb5 32. Ne2 Bf6 33. g3 a5 34. Rb3 Rd8 35. Nf4 Kf7 36. Qh5+ Kg8 37. Nxe6 Qc4 38. Re3 Rb8 39. Nxc7 axb4 40. axb4 Qxb4 41. Qxf5 Qb1+ 42. Qxb1 Rxb1+ 43. Kg2 Bd4 44. Rf3 Bxc5 45. Ne6 Be7 46. h4 Rb6 47. Nf4 g5 48. Nd5 Re6 49. Nxe7+ Rxe7 50. hxg5 hxg5 51. Rf5 Rg7 52. Kf3 Kh7 53. Kg4 Kh6 54. Rf6+ Kh7 55. Kh5 Ra7 56. Kxg5 Ra2 57. f4 Ra3 58. g4 Kg7 59. Rb6 Ra8 60. Rb7+ Kh8 61. f5 Rg8+ 62. Kh6 Rd8 63. g5 Rc8 64. g6 Rd8 65. f6 Kg8 66. f7+ 1-0

[Event "CAN-op (Pinnacle 48th CAN Op Ch)"]
[Site "Toronto CAN"]
[Date "2011.07.15"]
[Round "7"]
[White "Strugach, Leonid"]
[Black "Wang, Jesse BJ"]
[Result "1/2-1/2"]
[WhiteElo "2324"]
[BlackElo "1998"]
[PlyCount "113"]
[GameId "2160767909707427"]
[EventDate "2011.07.09"]
[EventType "swiss"]
[EventRounds "9"]
[EventCountry "CAN"]
[SourceTitle "hb 2011"]

1. e4 c5 2. Nf3 d6 3. Bb5+ Bd7 4. Bxd7+ Qxd7 5. O-O Nf6 6. Re1 Nc6 7. c4 g6 8. d4 cxd4 9. Nxd4 Bg7 10. Nc3 Ng4 11. Nde2 Nge5 12. Bf4 Nxc4 13. b3 N4e5 14. Nd5 O-O 15. Qd2 e6 16. Ne3 Rfd8 17. Rac1 Rac8 18. Red1 Qe7 19. Nc4 Nxc4 20. bxc4 e5 21. Bg5 Bf6 22. Bh6 Qe6 23. Nc3 Bg7 24. Nd5 Bxh6 25. Qxh6 Ne7 26. c5 Nxd5 27. exd5 Qd7 28. Qe3 Rxc5 29. Rxc5 dxc5 30. Qxc5 Qc6 31. Qxa7 Rxd5 32. Re1 Kg7 33. h3 b6 34. Qe7 Qf6 35. Qxf6+ Kxf6 36. Rb1 b5 37. f3 Ke6 38. Rb4 Kd6 39. a4 bxa4 40. Rxa4 Ke6 41. Ra6+ Rd6 42. Ra2 Kf5 43. Kf2 h5 44. h4 f6 45. Kg3 Rd3 46. Ra5 g5 47. hxg5 fxg5 48. Ra8 Rd6 49. Rf8+ Rf6 50. Ra8 g4 51. fxg4+ hxg4 52. Rh8 Rg6 53. Rh4 Rg5 54. Rh1 Rg8 55. Rf1+ Kg5 56. Re1 Re8 57. Re4 1/2-1/2

[Event "CAN-op (Pinnacle 48th CAN Op Ch)"]
[Site "Toronto CAN"]
[Date "2011.07.15"]
[Round "7"]
[White "Wiebe, Daniel"]
[Black "Ibrahim, Ismail"]
[Result "1-0"]
[WhiteElo "1938"]
[BlackElo "2110"]
[PlyCount "41"]
[GameId "2160767909707429"]
[EventDate "2011.07.09"]
[EventType "swiss"]
[EventRounds "9"]
[EventCountry "CAN"]
[SourceTitle "hb 2011"]

1. e4 e5 2. Nf3 Nc6 3. d4 exd4 4. Nxd4 Bc5 5. Be3 Qf6 6. Nb5 Bxe3 7. fxe3 Qd8 8. Qg4 g6 9. Qf4 d6 10. Bc4 Be6 11. Bxe6 fxe6 12. O-O Qe7 13. Nxc7+ Qxc7 14. Qf8+ Kd7 15. Qxa8 Qb6 16. Nc3 Nd8 17. Rf8 Ke7 18. Raf1 h5 19. R1f7+ Nxf7 20. Qe8+ Kf6 21. Qxf7+ 1-0

[Event "CAN-op (Pinnacle 48th CAN Op Ch)"]
[Site "Toronto CAN"]
[Date "2011.07.15"]
[Round "7"]
[White "Willis, Bradley"]
[Black "Manalo, Pepin"]
[Result "1-0"]
[WhiteElo "2094"]
[BlackElo "1769"]
[PlyCount "165"]
[GameId "2160767909707430"]
[EventDate "2011.07.09"]
[EventType "swiss"]
[EventRounds "9"]
[EventCountry "CAN"]
[SourceTitle "hb 2011"]

1. e4 c5 2. Nc3 Nc6 3. Bb5 Qc7 4. d3 e6 5. f4 a6 6. Bc4 b5 7. Bb3 Nd4 8. Nf3 Nxb3 9. axb3 Bb7 10. O-O Ne7 11. Qe1 g6 12. Nh4 f5 13. Bd2 Bg7 14. Qe2 O-O 15. Rae1 Rae8 16. Nf3 b4 17. Nd1 fxe4 18. dxe4 Nc6 19. c3 a5 20. Qd3 d6 21. Ng5 h6 22. Nf3 Kh7 23. Nh4 Ne7 24. f5 exf5 25. exf5 gxf5 26. Nxf5 Ng6 27. Rxe8 Rxe8 28. Qxd6 Qc8 29. Nxg7 Qg4 30. Qg3 Qxg3 31. hxg3 Kxg7 32. Ne3 Ne7 33. Nc4 Ba6 34. Bxh6+ Kg8 35. cxb4 cxb4 36. Ra1 Bxc4 37. bxc4 Nc6 38. Kf2 b3 39. Bd2 Ra8 40. Ra4 Kf7 41. Ke3 Rd8 42. Bc3 Ke6 43. Ra3 Rg8 44. Bxa5 Rxg3+ 45. Kf2 Rd3 46. Bc3 Ne5 47. Rxb3 Nxc4 48. Rb4 Kd5 49. Rb8 Nd6 50. Be1 Ke4 51. Rb4+ Kf5 52. Ke2 Rd5 53. g4+ Ke6 54. Bg3 Nb5 55. Ke3 Kd7 56. Ke4 Rg5 57. Bf4 Nd6+ 58. Bxd6 Kxd6 59. Kf4 Rc5 60. Rd4+ Ke6 61. Rd2 Rb5 62. Rg2 Kf6 63. g5+ Kg6 64. Ke4 Rb4+ 65. Kd3 Rf4 66. Kc3 Rf3+ 67. Kb4 Rf4+ 68. Ka3 Rf3+ 69. b3 Re3 70. Ka4 Re1 71. b4 Ra1+ 72. Kb5 Rb1 73. Ka5 Ra1+ 74. Kb6 Rb1 75. b5 Rc1 76. Kb7 Rb1 77. b6 Rb3 78. Kc7 Rc3+ 79. Kb8 Rb3 80. b7 Rb1 81. Ra2 Re1 82. Ka7 Re7 83. Ka8 1-0

[Event "CAN-op (Pinnacle 48th CAN Op Ch)"]
[Site "Toronto CAN"]
[Date "2011.07.15"]
[Round "7"]
[White "Xu, Haizhou"]
[Black "Macak, Stefan"]
[Result "1-0"]
[WhiteElo "2151"]
[BlackElo "2391"]
[PlyCount "67"]
[GameId "2160767909707431"]
[EventDate "2011.07.09"]
[EventType "swiss"]
[EventRounds "9"]
[EventCountry "CAN"]
[SourceTitle "EXT 2022"]
[Source "ChessBase"]
[SourceDate "2021.10.06"]
[SourceVersion "1"]
[SourceVersionDate "2021.10.06"]
[SourceQuality "1"]

1. e4 e6 2. d4 d5 3. Nc3 Bb4 4. e5 c5 5. a3 Bxc3+ 6. bxc3 Qc7 7. Qg4 Ne7 8. Qxg7 Rg8 9. Qxh7 cxd4 10. Ne2 Nbc6 11. f4 dxc3 12. Qd3 Bd7 13. Nxc3 a6 14. Rb1 Na5 15. h4 O-O-O 16. Rh3 Nf5 17. h5 Bc6 18. Rb4 f6 19. exf6 d4 20. Ne4 e5 21. Ng5 e4 22. Qd1 Bd5 23. Qg4 Qxc2 24. Qxf5+ Kb8 25. Bd2 Nb3 26. Rbxb3 Bxb3 27. Nxe4 Qd1+ 28. Kf2 Bd5 29. f7 Rgf8 30. Qe5+ Ka8 31. Ba5 Rc8 32. Qxd5 Rc1 33. Nd2 Qe1+ 34. Kg1 1-0

[Event "CAN-op (Pinnacle 48th CAN Op Ch)"]
[Site "Toronto CAN"]
[Date "2011.07.15"]
[Round "7"]
[White "Ye, Stephen"]
[Black "Razzaq, Ali"]
[Result "1/2-1/2"]
[WhiteElo "1710"]
[BlackElo "1967"]
[PlyCount "86"]
[GameId "2160767909707432"]
[EventDate "2011.07.09"]
[EventType "swiss"]
[EventRounds "9"]
[EventCountry "CAN"]

1. e4 c6 2. d4 d5 3. Nc3 dxe4 4. Nxe4 Bf5 5. Ng3 Bg6 6. h4 h6 7. h5 Bh7 8. Nf3 Nd7 9. Bd3 Bxd3 10. Qxd3 e6 11. Be3 Qa5+ 12. c3 Qb6 13. O-O Qc7 14. c4 Ngf6 15. Rac1 Bd6 16. Ne4 Nxe4 17. Qxe4 Nf6 18. Qh4 Qa5 19. c5 Be7 20. Ne5 Qxa2 21. Qg3 Nxh5 22. Qf3 Nf6 23. Nxc6 Qd5 24. Qxd5 Nxd5 25. Na5 b6 26. Nc6 O-O 27. Ra1 Rfc8 28. Nxa7 Re8 29. Rfc1 bxc5 30. dxc5 Bf6 31. Ra4 Bxb2 32. Rcc4 Be5 33. c6 Reb8 34. g4 Bc7 35. Kg2 Kf8 36. Kf3 Ke8 37. Nb5 Rxa4 38. Nxc7+ Nxc7 39. Rxa4 Nd5 40. Bd4 f6 41. Ra7 e5 42. Rxg7 Rb3+ 43. Be3 Rc3 1/2-1/2

[Event "CAN-op (Pinnacle 48th CAN Op Ch)"]
[Site "Toronto CAN"]
[Date "2011.07.15"]
[Round "7"]
[White "Yee, Lorne"]
[Black "Pechenkin, Vladimir"]
[Result "1/2-1/2"]
[WhiteElo "2260"]
[BlackElo "2408"]
[PlyCount "108"]
[GameId "2160767909707433"]
[EventDate "2011.07.09"]
[EventType "swiss"]
[EventRounds "9"]
[EventCountry "CAN"]
[SourceTitle "EXT 2022"]
[Source "ChessBase"]
[SourceDate "2021.10.06"]
[SourceVersion "1"]
[SourceVersionDate "2021.10.06"]
[SourceQuality "1"]

1. d4 f5 2. Nf3 Nf6 3. Bf4 e6 4. e3 b6 5. Be2 Bb7 6. O-O Be7 7. c4 O-O 8. Nc3 Nh5 9. Ne5 Nxf4 10. exf4 d6 11. Bf3 c6 12. Nd3 Bf6 13. Ne2 Nd7 14. Qb3 Re8 15. Rad1 Qc7 16. c5 dxc5 17. dxc5 Nxc5 18. Nxc5 bxc5 19. Qc2 Qb6 20. b3 Rad8 21. Nc3 Qb4 22. Na4 Qxf4 23. Nxc5 Be5 24. g3 Qxf3 25. Nxb7 Rd4 26. Rc1 Rc8 27. Na5 c5 28. Nc4 Bf6 29. Rce1 Qd5 30. Re2 h5 31. Ne3 Qe4 32. Qxe4 Rxe4 33. Rc2 Bd4 34. Nc4 Rd8 35. Kg2 Bf6 36. f4 g5 37. Nd2 Re2+ 38. Rf2 Rxf2+ 39. Kxf2 gxf4 40. gxf4 Kf7 41. Nf3 Rd5 42. Rc4 Bd4+ 43. Ke2 e5 44. fxe5 Bxe5 45. Ra4 Bb8 46. Ra6 Rd6 47. Ra5 Re6+ 48. Kf2 Rc6 49. Ke3 Ke6 50. Kd3 a6 51. Ra4 Kd5 52. Rh4 Rh6 53. Rc4 Bd6 54. Ra4 Bc7 1/2-1/2

[Event "CAN-op (Pinnacle 48th CAN Op Ch)"]
[Site "Toronto CAN"]
[Date "2011.07.15"]
[Round "7"]
[White "Zotkin, Daniel"]
[Black "Deline, Ralph"]
[Result "1-0"]
[WhiteElo "1598"]
[BlackElo "1828"]
[PlyCount "83"]
[GameId "2160767909707435"]
[EventDate "2011.07.09"]
[EventType "swiss"]
[EventRounds "9"]
[EventCountry "CAN"]
[SourceTitle "hb 2011"]

1. d4 g6 2. e4 Bg7 3. Nf3 c5 4. c3 cxd4 5. cxd4 d5 6. exd5 Nf6 7. Nc3 Nxd5 8. Bc4 Nb6 9. Bb3 O-O 10. Bf4 a6 11. Bxb8 Rxb8 12. O-O Bg4 13. d5 Rc8 14. Rc1 Rc5 15. h3 Bf5 16. Nd4 Bc8 17. Re1 Nd7 18. f4 b5 19. Nc6 Rxc6 20. dxc6 Qb6+ 21. Kh1 Qxc6 22. Nd5 Qb7 23. Nxe7+ Kh8 24. Nxc8 Rxc8 25. Rxc8+ Qxc8 26. Bxf7 Nf6 27. Be6 Qf8 28. Qc2 Nh5 29. Qc8 Nxf4 30. Qxf8+ Bxf8 31. Rf1 Nxe6 32. Rf6 Bg7 33. Rxe6 Bxb2 34. Rxa6 b4 35. Ra7 h6 36. Rb7 Bc3 37. Kg1 g5 38. Kf1 h5 39. Ke2 g4 40. Kd3 gxh3 41. gxh3 h4 42. Kc4 1-0

[Event "CAN-op (Pinnacle 48th CAN Op Ch)"]
[Site "Toronto CAN"]
[Date "2011.07.16"]
[Round "8"]
[White "Acosta, Mariano"]
[Black "Mulyar, Michael"]
[Result "0-1"]
[WhiteElo "2063"]
[BlackElo "2410"]
[PlyCount "44"]
[GameId "2160767909707436"]
[EventDate "2011.07.09"]
[EventType "swiss"]
[EventRounds "9"]
[EventCountry "CAN"]
[SourceTitle "CBM 143 Extra"]
[Source "ChessBase"]
[SourceDate "2011.08.29"]
[SourceVersion "1"]
[SourceVersionDate "2011.08.29"]
[SourceQuality "1"]

1. d4 d5 2. Nf3 Nf6 3. e3 g6 4. Bd3 Bg7 5. O-O O-O 6. Nbd2 c5 7. b3 cxd4 8. exd4 Nc6 9. a3 Nh5 10. Bb2 Nf4 11. Bb5 Bg4 12. Bxc6 bxc6 13. h3 Bh5 14. Kh2 Bxf3 15. Nxf3 c5 16. Qd2 Ne6 17. Rae1 Rc8 18. Re2 cxd4 19. Nxd4 Bxd4 20. Bxd4 Rxc2 21. Qd3 Rxe2 22. Bxa7 Qc7+ 0-1

[Event "CAN-op (Pinnacle 48th CAN Op Ch)"]
[Site "Toronto CAN"]
[Date "2011.07.16"]
[Round "8"]
[White "Agbabishvili, Lali"]
[Black "Sohal, Tanraj"]
[Result "1/2-1/2"]
[WhiteElo "1954"]
[BlackElo "2177"]
[PlyCount "56"]
[GameId "2160767909707437"]
[EventDate "2011.07.09"]
[EventType "swiss"]
[EventRounds "9"]
[EventCountry "CAN"]
[SourceTitle "hb 2011"]

1. c4 e5 2. g3 d6 3. Bg2 g6 4. Nc3 Bg7 5. d3 Ne7 6. e4 O-O 7. Nge2 c6 8. O-O f5 9. d4 h6 10. dxe5 dxe5 11. Be3 Be6 12. Qa4 Na6 13. c5 Qc7 14. f4 Kh7 15. a3 fxe4 16. fxe5 Nf5 17. Qxe4 Nxe3 18. Qxe3 Qxe5 19. Qxe5 Bxe5 20. b4 Nc7 21. Rad1 Bg4 22. Rd3 Bf5 23. Be4 Bxe4 24. Nxe4 Nd5 25. N2c3 Nxc3 26. Nxc3 Rad8 27. Rfd1 Rxd3 28. Rxd3 Bxc3 1/2-1/2